The handbook of person-centred psychotherapy and counselling / (Record no. 5865)

MARC details
000 -LEADER
fixed length control field 01981cam a2200181 a 4500
020 ## - INTERNATIONAL STANDARD BOOK NUMBER
ISBN 9781403945129 (pbk.)
020 ## - INTERNATIONAL STANDARD BOOK NUMBER
ISBN 1403945128 (pbk.)
050 #4 - CALL NUMBER
Classification number RC481
Item number .H77
100 ## - AUTHOR
Personal name Mick Cooper, (Chartered counselling psychologist)
245 04 - TITLE
Title The handbook of person-centred psychotherapy and counselling /
Statement of responsibility, etc edited by Mick Cooper ... [et al.].
260 ## - PUBLICATION INFORMATION
Place of publication Basingstoke :
Name of publisher Palgrave Macmillan,
Year of publication 2007.
300 ## - DESCRIPTION
Number of Pages xxiv, 416 p. ;
Dimensions 24 cm.
500 ## - NOTES
General note Includes bibliographical references and index
505 0# - FORMATTED CONTENTS NOTE
Table of Content Introduction: Therapy at the Cutting Edge -- <br/>Part One: Philosophical, Historical & Theoretical Foundations -- The 'Family' of Person-Centred and Experimental Therapies -- Origins and Unfolding of the Person-Centered Innovation -- The Anthropological and Ethical Foundations of the Person-Centred Approach -- The Actualizing Person -- Experiential and Phenomenological Foundations -- Developmental and Personality Theory -- Group Therapy and Encounter Groups -- Part Two: Therapeutic Practice -- The Relational Foundations of Person-Centered Practice -- Psychological Contact -- Client Incongruence and Psychopathology -- Congruence -- Unconditional Positive Regard -- Empathy -- Client Perception -- The Process of Person-Centered Therapy -- <br/>Part Three: Settings and Client-Groups -- People with Special Needs -- Pre-Therapy -- Crisis Intervention -- Using a Person-Centered Approach for A Medical Framework -- Couples and Families -- Person-Centred Applications Beyond the Therapeutic Context: Creativity, the Workplace and Peace Activism -- Counselling Across Difference and Diversity -- <br/>Part Four: Professional Issues -- Setting up Practice, and the Therapeutic Framework -- Professional and Ethical Issues in Person-Centered Therapy -- A Person-Centred Perspective on Supervision -- Person-Centred Approaches to Research -- Training in the Person-Centred Approach.
650 #0 - SUBJECTS
Topical Term Client-centered psychotherapy.
700 1# - OTHER AUTHORS
Personal name Cooper, Mick
942 ## - ADDED ENTRY ELEMENTS (KOHA)
Koha item type Books
Holdings
Withdrawn status Lost status Collection code Home library Current library Shelving location Date acquired Full call number Accession Number Koha item type
    Reference Methodist University Library Main Methodist University Library Main General Stacks 01/06/2011 RC481 .H77 33516 Books
    Reference Methodist University Library Main Methodist University Library Main General Stacks 01/06/2011 RC481 .H77 33933 Books
Copyright © 2026  MUG Library